Dopady municipalizácie na ekonomiku verejných služieb v regióne Orava diplomová práca

Gespeichert in:
Bibliographische Detailangaben
1. Verfasser: Tekeľová, Silvia
Körperschaft: Národohospodárska fakulta EU. Katedra verejnej správy a regionálneho rozvoja
Weitere Verfasser: Černěnko, Tomáš, 1981-
Format: Buch
Sprache:Slowakisch
Veröffentlicht: Bratislava 2017
Tags: Tag hinzufügen
Keine Tags, Fügen Sie das erste Tag hinzu!

MARC

LEADER 00000nbm a2200000 4500
001 0231831
005 20171019121358.0
041 0 |a slo 
044 |a SK 
245 1 0 |a Dopady municipalizácie na ekonomiku verejných služieb v regióne Orava  |b diplomová práca  |c Silvia Tekeľová ; školiteľ: Tomáš Černěnko 
264 1 |a Bratislava  |c 2017 
300 |a 133 s. 
100 1 |a Tekeľová, Silvia 
700 1 |a Černěnko, Tomáš, 1981- 
710 2 |a Národohospodárska fakulta EU. Katedra verejnej správy a regionálneho rozvoja